[Event "Indywidualne Mistrzostwa Polski do lat 20"]
[Site "Osrodek „SUDETY”, Pokrzywna 75"]
[Date "1899-12-30"]
[Round "1.1"]
[White "Kosakowski, Jakub"]
[Black "Rog, Bartlomiej"]
[Result "1/2-1/2"]
[WhiteTitle "IM"]
[BlackTitle "I++"]
[WhiteElo "2437"]
[BlackElo "2075"]

1. e4 e5 2. Nf3 Nc6 3. Bb5 a6 4. Ba4 Nf6 5. O-O b5 6. Bb3 Bc5 7. a4 Rb8 8. c3 d6
9. d4 Bb6 10. a5 Ba7 11. h3 O-O 12. Be3 exd4 13. cxd4 Nb4 14. Nc3 Bb7 15. e5 dxe5
16. dxe5 Bxe3 17. fxe3 Nd7 18. e6 Nc5 19. Qxd8 Rfxd8 20. exf7+ Kf8 21. Ba2 Nxa2
22. Nxa2 Bxf3 23. Rxf3 Nb3 24. Re1 Nxa5 25. Nc3 Rd7 26. Ra1 Nc4 27. Rxa6 Rxf7
28. Rxf7+ Kxf7 29. b3 Nxe3 30. Ra7 Nf5 31. Rxc7+ Kf6 32. b4 Nd4 33. Kf2 Ne6 34.
Rc6 Ke5 35. Ke3 Rb7 36. Ra6 Nc7 37. Rc6 Ne6 38. Ne4 Ra7 39. Nc5 Nc7 40. Nd3+ Kd5
41. Rc2 Kd6 42. Kd4 Ne6+ 43. Ke4 Re7 44. Ra2 Nc5+ 45. Kd4 Re4+ 46. Kc3 Rc4+ 47.
Kd2 Nxd3 48. Kxd3 Rxb4 49. Ra7 Rb3+ 50. Kd4 Rg3 51. Ra6+ Kc7 52. Kc5 Rg5+ 53.
Kb4 Rxg2 54. Kxb5 Kd7 55. Kc5 Ke7 56. Kd5 Rg3 57. h4 Rg4 58. Re6+ Kf7 59. Re4
Rxe4 60. Kxe4 Kf6 61. Kf4 Kf7 62. Kf3 Ke8 63. Ke4 Ke7 64. Ke3 g6 65. Kf4 h6 66.
Ke3 Kf7 67. Kf3 Ke8 68. Ke4 Kd7 69. Kd3 Kc6 70. Ke4 Kd6 71. Kd4 Ke7 72. Ke3 Ke6
73. Ke4 g5 74. hxg5 hxg5 75. Kf3 Kf5 76. Kg3 g4 77. Kg2 Kf4 78. Kf2 g3+ 79. Kg2
Kg4 80. Kg1 Kh5 81. Kg2 Kh4 82. Kg1 Kh3 83. Kh1 g2+ 84. Kg1 Kg3 1/2-1/2

[Event "Indywidualne Mistrzostwa Polski do lat 20"]
[Site "Osrodek „SUDETY”, Pokrzywna 75"]
[Date "1899-12-30"]
[Round "1.2"]
[White "Panek, Bartosz"]
[Black "Mis, Mieszko"]
[Result "0-1"]
[WhiteTitle "I++"]
[BlackTitle "FM"]
[WhiteElo "2073"]
[BlackElo "2417"]

1. e4 c6 2. Nc3 d5 3. Nf3 Bg4 4. Be2 e6 5. e5 c5 6. d3 Bxf3 7. Bxf3 Nc6 8. Bf4
Nge7 9. O-O Ng6 10. Bg3 Be7 11. Re1 Bh4 12. Bxh4 Qxh4 13. g3 Qb4 14. a3 Qa5 15.
Bg2 h5 16. f4 h4 17. Qf3 O-O-O 18. Reb1 Kb8 19. Qf2 hxg3 20. hxg3 Nge7 21. b4
cxb4 22. axb4 Qb6 23. Qxb6 axb6 24. Nb5 Nf5 25. Kf2 Ncd4 26. Nxd4 Nxd4 27. c3
Nb5 28. Rc1 Rd7 29. Ke3 Nxc3 30. d4 Rc7 31. Kd3 Rhc8 32. Rc2 Nb5 33. Rxc7 Rxc7
34. Bf1 Rc4 35. Rb1 Rxd4+ 36. Ke3 Re4+ 37. Kd3 Na3 38. Bg2 Nxb1 0-1

[Event "Indywidualne Mistrzostwa Polski do lat 20"]
[Site "Osrodek „SUDETY”, Pokrzywna 75"]
[Date "1899-12-30"]
[Round "1.3"]
[White "Psyk, Radoslaw"]
[Black "Trybus, Daniel"]
[Result "1-0"]
[WhiteTitle "k++"]
[BlackTitle "k"]
[WhiteElo "2412"]
[BlackElo "2067"]

1. e4 c5 2. Nf3 d6 3. c3 Nf6 4. h3 Nc6 5. Bd3 e6 6. Bc2 Be7 7. O-O O-O 8. Re1 b5
9. d4 cxd4 10. cxd4 Nb4 11. Bb3 Bb7 12. Nc3 a5 13. Qe2 Ba6 14. Qe3 d5 15. e5 Nd7
16. a3 Nc6 17. Bc2 b4 18. Ne2 Qb6 19. Ng3 Rfc8 20. Qf4 Nf8 21. Bb1 bxa3 22. bxa3
Rab8 23. Qg4 Qb3 24. h4 Bd3 25. Bxd3 Qxd3 26. h5 f5 27. exf6 Bxf6 28. Be3 Rb2
29. h6 Qg6 30. Qh3 gxh6 31. Nh5 Bg5 32. Rac1 Rbb8 33. Bxg5 hxg5 34. Rxc6 Rxc6
35. Ne5 Rb1 36. Nxg6 Rxe1+ 37. Kh2 hxg6 38. Nf6+ Kg7 39. Ng4 Rcc1 40. Qh6+ Kg8
41. Qxg5 Rh1+ 42. Kg3 Rc7 43. Nf6+ Kf7 44. Nxd5 Rd7 45. Qf4+ Kg7 46. Qf6+ Kh7
47. Ne7 Rxe7 48. Qxe7+ Kg8 49. Kf3 Rd1 50. Ke3 Re1+ 51. Kd2 Rb1 52. Qc5 Rb2+ 53.
Ke3 Rb3+ 54. Kf4 e5+ 55. Kg4 1-0

[Event "Indywidualne Mistrzostwa Polski do lat 20"]
[Site "Osrodek „SUDETY”, Pokrzywna 75"]
[Date "1899-12-30"]
[Round "1.4"]
[White "Raczek, Krzysztof"]
[Black "Pacan-milej, Kosma"]
[Result "0-1"]
[WhiteTitle "I++"]
[BlackTitle "FM"]
[WhiteElo "2029"]
[BlackElo "2401"]

1. e4 c6 2. d4 d5 3. Nc3 dxe4 4. Nxe4 Nf6 5. Nxf6+ exf6 6. c3 Bd6 7. Bd3 O-O 8.
Qc2 Re8+ 9. Ne2 h5 10. O-O h4 11. Re1 Nd7 12. Bd2 Nf8 13. Nf4 Bxf4 14. Bxf4 h3
15. Rxe8 Qxe8 16. g3 Bg4 17. Bf5 Bxf5 18. Qxf5 Qe2 19. Qxh3 Qxb2 20. Rc1 Ne6 21.
Be3 Qxa2 22. Qf1 a5 23. c4 Rd8 24. Ra1 Qc2 25. d5 cxd5 26. Bb6 Rd6 27. cxd5 Rxb6
28. dxe6 fxe6 29. Rc1 Qf5 30. h4 Kh7 31. Qe1 a4 32. Ra1 a3 33. Kg2 Rb3 34. Qc1
b5 35. h5 b4 36. h6 Rc3 37. Qe1 Kxh6 38. Qh1+ Qh5 39. Qe1 Qd5+ 40. Kg1 Qd4 0-1

[Event "Indywidualne Mistrzostwa Polski do lat 20"]
[Site "Osrodek „SUDETY”, Pokrzywna 75"]
[Date "1899-12-30"]
[Round "1.5"]
[White "Niedbala, Bartlomiej"]
[Black "Mulawa, Cyprian"]
[Result "1-0"]
[WhiteTitle "FM"]
[BlackTitle "I"]
[WhiteElo "2385"]
[BlackElo "2010"]

1. Nf3 Nf6 2. g3 g6 3. b3 Bg7 4. Bb2 b6 5. Bg2 Bb7 6. c4 c5 7. O-O O-O 8. d4 cxd4
9. Qxd4 Qc8 10. Nc3 Ne4 11. Nd5 Bxd4 12. Nxe7+ Kh8 13. Bxd4+ f6 14. Nxc8 Rxc8
15. Nd2 d5 16. Nxe4 dxe4 17. Bxf6+ Kg8 18. Rad1 Rf8 19. Bc3 Na6 20. Rd7 Rf7 21.
Rxb7 Rxb7 22. Bxe4 Nc5 23. Bd5+ 1-0

[Event "Indywidualne Mistrzostwa Polski do lat 20"]
[Site "Osrodek „SUDETY”, Pokrzywna 75"]
[Date "1899-12-30"]
[Round "1.6"]
[White "Jedrusik, Adam"]
[Black "Fus, Jakub"]
[Result "0-1"]
[WhiteTitle "I++"]
[BlackTitle "FM"]
[WhiteElo "1995"]
[BlackElo "2384"]

1. d4 d6 2. c4 e5 3. Nf3 e4 4. Nfd2 f5 5. Nc3 Nf6 6. d5 Nbd7 7. Nb3 Ne5 8. Nd4
Be7 9. Bf4 Ng6 10. g3 O-O 11. e3 Bd7 12. Be2 Nxf4 13. gxf4 c6 14. Qb3 Rb8 15.
c5 Kh8 16. cxd6 Bxd6 17. O-O-O Qc7 18. Kb1 a6 19. Rd2 Rfe8 20. Rhd1 c5 21. Ne6
Qa5 22. Rg1 b5 23. Ka1 c4 24. Qd1 b4 25. Nb1 c3 26. Rd4 c2 27. Qf1 cxb1=Q+ 28.
Kxb1 b3 0-1

[Event "Indywidualne Mistrzostwa Polski do lat 20"]
[Site "Osrodek „SUDETY”, Pokrzywna 75"]
[Date "1899-12-30"]
[Round "1.7"]
[White "Kozak, Antoni"]
[Black "Budzisz, Adrian"]
[Result "1/2-1/2"]
[WhiteTitle "m"]
[BlackTitle "I++"]
[WhiteElo "2356"]
[BlackElo "1985"]

1. d4 Nf6 2. Nf3 g6 3. c4 Bg7 4. Nc3 d6 5. e4 O-O 6. h3 e5 7. d5 a5 8. Be3 Na6
9. g4 Nd7 10. a3 c6 11. Rg1 Rb8 12. Rb1 Kh8 13. h4 f5 14. gxf5 gxf5 15. exf5 Nf6
16. h5 Nxh5 17. Ng5 Nf4 18. Ne6 Bxe6 19. fxe6 cxd5 20. cxd5 Nc7 21. Bg2 Bh6 22.
Be4 Qf6 23. Qd2 Rg8 24. Rh1 Rg7 25. Kd1 Bg5 26. Ne2 Nb5 27. Bxf4 exf4 28. f3 h6
29. Rc1 Rc7 30. Rxc7 Nxc7 31. Qc3 Qxc3 32. Nxc3 b5 33. Ne2 b4 34. axb4 Rxb4 35.
Kc2 Kg7 36. Nc3 Nb5 37. Ra1 Nd4+ 38. Kd3 Nb3 39. Re1 Kf6 40. Bh7 Ke7 41. Rh1 Nc5+
42. Kc2 Nb3 43. Be4 Kf6 44. Rh2 Ke7 45. Kb1 Rd4 46. Kc2 Na1+ 47. Kb1 Nb3 48. Kc2
Na1+ 1/2-1/2

[Event "Indywidualne Mistrzostwa Polski do lat 20"]
[Site "Osrodek „SUDETY”, Pokrzywna 75"]
[Date "1899-12-30"]
[Round "1.8"]
[White "Zalega, Maciej"]
[Black "Fiedorek, Michal"]
[Result "1/2-1/2"]
[WhiteTitle "I"]
[BlackTitle "FM"]
[WhiteElo "1985"]
[BlackElo "2337"]

1. e4 c5 2. Nf3 Nc6 3. d4 cxd4 4. Nxd4 Nf6 5. Nc3 d6 6. f3 e5 7. Nb3 Be7 8. Be3
O-O 9. Qd2 a5 10. Bb5 Be6 11. O-O-O Qb8 12. Kb1 Rc8 13. a4 Nb4 14. g4 Ne8 15.
Bb6 Nc7 16. Nxa5 d5 17. Bxc7 Qxc7 18. exd5 Rd8 19. Nb3 Nxd5 20. Nxd5 Bxd5 21.
Qe2 Bf6 22. Nd2 Rdc8 23. Ne4 Bc6 24. Nxf6+ gxf6 25. c3 Rxa4 26. Bxa4 Bxa4 27.
Rd5 Bb3 28. Rhd1 Qb6 29. g5 fxg5 30. Qxe5 Qg6+ 31. Qe4 Qxe4+ 32. fxe4 Bxd1 33.
Rxd1 Rc4 34. Rd4 Rc6 35. Kc2 Kg7 36. b4 Rh6 37. Rd2 Re6 38. Rd4 g4 39. c4 h5 40.
c5 h4 41. Kd2 h3 42. Kc3 Kf6 43. b5 Kg5 44. Kc4 g3 45. hxg3 h2 46. Rd1 Rxe4+ 47.
Kd3 Rb4 48. Rh1 Rxb5 49. Rxh2 Rxc5 50. Rb2 Rc7 51. Rb4 Rd7+ 52. Ke3 Kf5 53. g4+
Ke5 54. Rb5+ Kd6 55. Kd4 Kc6+ 56. Kc4 Rd4+ 57. Kxd4 Kxb5 58. Ke5 Kc5 59. Kf6 b5
1/2-1/2

[Event "Indywidualne Mistrzostwa Polski do lat 20"]
[Site "Osrodek „SUDETY”, Pokrzywna 75"]
[Date "1899-12-30"]
[Round "1.9"]
[White "Poltorak, Sebastian"]
[Black "Warchol, Kamil"]
[Result "0-1"]
[WhiteTitle "k+"]
[BlackTitle "CM"]
[WhiteElo "2321"]
[BlackElo "1956"]

1. d4 d6 2. e4 Nf6 3. Nc3 e5 4. Nge2 Nbd7 5. g3 c6 6. a4 Be7 7. Bg2 O-O 8. O-O
Qc7 9. h3 b6 10. Be3 Ba6 11. Re1 Rac8 12. f4 Rfe8 13. g4 h6 14. g5 hxg5 15. fxg5
Nh7 16. h4 Ndf8 17. Bh3 Rb8 18. Ng3 Bc8 19. Nf5 f6 20. g6 Nxg6 21. Qh5 Nhf8 22.
Kh1 exd4 23. Bxd4 Nf4 24. Qxe8 Bxf5 25. Qxb8 Qxb8 26. Bxf5 Qe8 27. Be3 Qh5 28.
Bxf4 Qf3+ 29. Kg1 Qxf4 30. Re2 g6 31. Rf1 Qxh4 32. Rh2 Qg3+ 33. Rg2 Qe3+ 34. Kh1
Kf7 35. Bg4 Nh7 36. Bd7 Ng5 37. Re2 Qc5 38. Rg2 Kg7 39. Bg4 d5 40. exd5 cxd5 41.
Rd1 d4 42. Nb1 f5 43. Be2 Qxc2 44. Re1 Bb4 45. Rd1 d3 46. Bh5 Qc4 47. Nd2 Bxd2
0-1

[Event "Indywidualne Mistrzostwa Polski do lat 20"]
[Site "Osrodek „SUDETY”, Pokrzywna 75"]
[Date "1899-12-30"]
[Round "1.10"]
[White "Maslanka, Wojciech"]
[Black "Koziorowicz, Michal"]
[Result "1/2-1/2"]
[WhiteTitle "I"]
[BlackTitle "k+"]
[WhiteElo "1907"]
[BlackElo "2309"]

1. e4 c5 2. Nf3 e6 3. d4 cxd4 4. Nxd4 Nc6 5. c4 Nf6 6. Nc3 Bb4 7. Nxc6 bxc6 8.
Bd3 O-O 9. Qc2 Ng4 10. Bf4 e5 11. Bg3 d6 12. O-O Bc5 13. Rab1 h5 14. b4 Bd4 15.
h3 h4 16. Bh2 Nxh2 17. Kxh2 Qg5 18. b5 Bd7 19. bxc6 Bxc6 20. Nd5 Bxd5 21. cxd5
Rac8 22. Qe2 Rc3 23. Rb3 Rfc8 24. Rfb1 Rxb3 25. Rxb3 Qf4+ 26. g3 Qf6 27. Kg2 hxg3
28. fxg3 Qh6 29. Rb1 g6 30. h4 Kg7 31. Kh3 Rc3 32. Rf1 Qe3 33. Qxe3 Bxe3 34. Bb1
Bd4 35. Kg2 Re3 36. Rf3 Re2+ 37. Kh3 Bg1 38. Kg4 Bc5 39. Rb3 a5 40. h5 gxh5+ 41.
Kxh5 a4 42. Rb7 Bf2 43. Rb4 Re3 44. Rxa4 Rxg3 45. Rb4 Kf6 46. Rb3 Rg5+ 47. Kh6
Bg3 48. Rb6 Bf4 49. Kh7 Rg7+ 50. Kh8 Kg6 51. Rb2 Rh7+ 52. Kg8 Bg5 53. Bd3 Rh3
54. Bb5 Ra3 55. Bc6 f5 56. Be8+ Kf6 57. Rb7 Be3 58. Rf7+ Kg5 59. Rxf5+ Kh4 60.
Rh5+ 1/2-1/2

[Event "Indywidualne Mistrzostwa Polski do lat 20"]
[Site "Osrodek „SUDETY”, Pokrzywna 75"]
[Date "1899-12-30"]
[Round "1.11"]
[White "Chylewski, Patryk"]
[Black "Kutowski, Marcel"]
[Result "1-0"]
[WhiteTitle "FM"]
[BlackTitle "I+"]
[WhiteElo "2303"]
[BlackElo "1894"]

1. e4 c5 2. Nf3 d6 3. d4 cxd4 4. Nxd4 Nf6 5. f3 e5 6. Nb3 Be7 7. c4 a5 8. Be3 a4
9. Nc1 Nfd7 10. Nc3 Nc5 11. Be2 Nc6 12. O-O O-O 13. Rb1 Be6 14. Nd5 Bg5 15. Bf2
b6 16. Nd3 Bxd5 17. exd5 Ne7 18. Qc2 g6 19. Nb4 Nf5 20. Nc6 Qf6 21. Qc3 Rfe8 22.
g3 h5 23. Rfe1 e4 24. Bxc5 bxc5 25. f4 Qxc3 26. bxc3 Bf6 27. Rec1 Ne7 28. Nxe7+
Rxe7 29. Rb6 Rd7 30. Kf2 Bd8 31. Rb5 f5 32. Ke3 Bf6 33. Kd2 Kf7 34. Rcb1 Be7 35.
Bd1 Bf6 36. Rb8 Rxb8 37. Rxb8 Ra7 38. h3 h4 39. g4 g5 40. Ke3 Re7 41. gxf5 gxf4+
42. Kxf4 Bxc3 43. Rb6 Be1 44. Bh5+ Kg7 45. f6+ Kxf6 46. Rxd6+ Kg7 47. Rg6+ Kh7
48. Re6 Rxe6 49. dxe6 Bg3+ 50. Kf5 Bd6 51. Kf6 Kh6 52. Bg4 1-0

[Event "Indywidualne Mistrzostwa Polski do lat 20"]
[Site "Osrodek „SUDETY”, Pokrzywna 75"]
[Date "1899-12-30"]
[Round "1.12"]
[White "Paprocki, Antoni"]
[Black "Luczak, Filip"]
[Result "0-1"]
[WhiteTitle "I++"]
[BlackTitle "FM"]
[WhiteElo "1889"]
[BlackElo "2273"]

1. d4 d5 2. c4 c6 3. Nf3 Nf6 4. Nbd2 Bf5 5. Nh4 Bg4 6. h3 Bh5 7. g4 Bg6 8. Nxg6
hxg6 9. Bg2 e6 10. Qb3 Qc7 11. e4 Be7 12. e5 dxc4 13. Qxc4 Nd5 14. Ne4 Nd7 15.
O-O O-O-O 16. Bd2 f5 17. Ng5 N7b6 18. Qe2 Bxg5 19. Bxg5 Rd7 20. a4 a5 21. Bd2
Na8 22. b4 axb4 23. a5 Qd8 24. Rfc1 Rc7 25. Qc4 fxg4 26. hxg4 Qh4 27. a6 b6 28.
Qe2 Qh2+ 29. Kf1 Rf8 30. Bxd5 exd5 31. Qe3 Rcf7 32. Rxc6+ Kb8 33. Be1 Rf3 34.
Qd2 Qh3+ 35. Ke2 Qxg4 36. Kf1 Rh3 37. a7+ Kb7 38. Rxb6+ Nxb6 0-1

[Event "Indywidualne Mistrzostwa Polski do lat 20"]
[Site "Osrodek „SUDETY”, Pokrzywna 75"]
[Date "1899-12-30"]
[Round "1.13"]
[White "Redzisz, Michal"]
[Black "Sidorczuk, Pawel"]
[Result "0-1"]
[WhiteTitle "FM"]
[BlackTitle "I+"]
[WhiteElo "2261"]
[BlackElo "1887"]

1. d4 Nf6 2. c4 g6 3. Nf3 Bg7 4. g3 O-O 5. Bg2 d6 6. O-O Nbd7 7. Nc3 e5 8. e4 exd4
9. Nxd4 Re8 10. Be3 Ne5 11. b3 Nfg4 12. Bf4 Nc6 13. Nxc6 bxc6 14. Rc1 Rb8 15.
h3 Ne5 16. Be3 c5 17. f4 Nc6 18. e5 Nd4 19. Bxd4 cxd4 20. Qxd4 dxe5 21. Qxa7 Qd4+
22. Qxd4 exd4 23. Nb5 Bf5 24. Nxc7 Re7 25. Nd5 Re2 26. Rf2 Rbe8 27. Bf1 Re1 28.
Rxe1 Rxe1 29. Re2 Rxe2 30. Bxe2 d3 31. Bd1 Bxh3 32. Kf2 Bd4+ 33. Ke1 h5 34. Kd2
Bf2 35. Nf6+ Kf8 36. Ne4 Bg1 37. Kxd3 f5 38. Ng5 Bf1+ 39. Be2 Bg2 40. Bf3 Bf1+
41. Be2 Bg2 42. Nf3 Bf2 43. a4 Bxg3 44. Ke3 h4 45. a5 h3 46. a6 h2 47. a7 h1=Q
48. a8=Q+ Kg7 49. Qa7+ Kh6 50. Qd4 Qc1+ 51. Qd2 Qb1 52. Bd3 Qh1 53. Qc3 Kh7 54.
Ng5+ Kg8 55. Be2 Qg1+ 56. Kd3 Bxf4 0-1

[Event "Indywidualne Mistrzostwa Polski do lat 20"]
[Site "Osrodek „SUDETY”, Pokrzywna 75"]
[Date "1899-12-30"]
[Round "1.14"]
[White "Maciejewski, Kamil"]
[Black "Kacprzak, Karol"]
[Result "0-1"]
[WhiteTitle "I++"]
[BlackTitle "k"]
[WhiteElo "1884"]
[BlackElo "2226"]

1. Nf3 Nf6 2. g3 c5 3. Bg2 Nc6 4. O-O e5 5. c4 d5 6. cxd5 Nxd5 7. Nc3 Be6 8. Ng5
Qxg5 9. Nxd5 Qd8 10. Nc3 Rc8 11. d3 Be7 12. Be3 O-O 13. Rc1 Qd7 14. Qa4 Rfd8 15.
Rfe1 h6 16. Ne4 b6 17. Nc3 Bd6 18. b3 Bb8 19. Kh1 Qe8 20. Rf1 Bd7 21. Qh4 Nd4
22. Bxd4 exd4 23. Nd5 Bd6 24. e4 dxe3 25. fxe3 Qe6 26. Rc4 f5 27. e4 Rf8 28. Rcc1
fxe4 29. dxe4 Bb5 30. Bh3 Qe5 31. Rf5 Rxf5 32. Bxf5 Rf8 33. Qg4 Bd3 34. Re1 Qe8
35. Re3 c4 36. bxc4 Bxc4 37. Be6+ Kh8 38. Re1 Be5 39. Rc1 h5 40. Qh3 Be2 41. Nf4
Bf3+ 42. Kg1 Bxf4 43. gxf4 Qg6+ 44. Kf2 Qxe4 45. Rc4 Qe2+ 46. Kg3 Qe3 47. Rc8
Bg4+ 0-1

[Event "Indywidualne Mistrzostwa Polski do lat 20"]
[Site "Osrodek „SUDETY”, Pokrzywna 75"]
[Date "1899-12-30"]
[Round "1.15"]
[White "Sernecki, Franciszek"]
[Black "Bojczewski, Mateusz"]
[Result "1-0"]
[WhiteTitle "FM"]
[BlackTitle "I+"]
[WhiteElo "2220"]
[BlackElo "1868"]

1. e4 c6 2. d4 d5 3. Nc3 dxe4 4. Nxe4 Nd7 5. Ng5 Ngf6 6. Bd3 e6 7. N1f3 Bd6 8.
Qe2 h6 9. Ne4 Nxe4 10. Qxe4 Nf6 11. Qe2 b6 12. Bd2 Qc7 13. Ne5 Bb7 14. f4 c5 15.
dxc5 Qxc5 16. O-O-O Rc8 17. Kb1 Nd5 18. f5 Ne7 19. Bc3 exf5 20. Bb5+ Bc6 21. Nxc6
Rxc6 22. Bd4 1-0

[Event "Indywidualne Mistrzostwa Polski do lat 20"]
[Site "Osrodek „SUDETY”, Pokrzywna 75"]
[Date "1899-12-30"]
[Round "1.16"]
[White "Zielonka, Adam"]
[Black "Kacprzak, Kacper"]
[Result "1/2-1/2"]
[WhiteTitle "I"]
[BlackTitle "k"]
[WhiteElo "1862"]
[BlackElo "2219"]

1. c4 Nf6 2. Nc3 e6 3. Nf3 d5 4. e3 dxc4 5. Bxc4 a6 6. a4 c5 7. d4 Nc6 8. dxc5
Qxd1+ 9. Kxd1 Bxc5 10. Ke2 Ke7 11. Rd1 Rd8 12. Rxd8 Kxd8 13. Bd2 Ke7 14. Rc1 Bb4
15. Nb1 Bd7 16. Bxb4+ Nxb4 17. Nc3 Rc8 18. Ne5 Be8 19. Bb3 Nc6 20. Nxc6+ Bxc6
21. f3 Nd7 22. Bd1 a5 23. e4 g5 24. Ke3 Nc5 25. Ne2 b6 26. Nd4 Bd7 27. e5 Rd8
28. b3 Be8 29. Rc3 Rd5 30. Be2 Rxe5+ 31. Kd2 Rd5 32. Ke3 f5 33. Nc2 f4+ 34. Kf2
Bg6 35. Na3 Kd8 36. Nc4 Kc7 37. g3 Bb1 38. Ke1 Bg6 39. Bf1 Bd3 40. Bxd3 Nxd3+
41. Ke2 Nc5 42. Nd2 Kb7 43. Nc4 Ka6 44. Na3 Rd4 45. Nc4 Nxb3 46. Nxb6 Rb4 47.
Nd7 Nd4+ 48. Kd3 Nxf3 49. gxf4 gxf4 50. Rc6+ Kb7 51. Rxe6 Nxh2 52. Nc5+ Kc8 53.
Re8+ Kc7 54. Na6+ Kd7 55. Nxb4 Kxe8 56. Nc6 Ng4 57. Ke4 Nf6+ 58. Kxf4 Nd5+ 59.
Kg5 Kf7 60. Nxa5 Nb6 61. Nc6 Nxa4 62. Kh6 Kg8 63. Ne7+ Kh8 64. Ng6+ hxg6 65. Kxg6
1/2-1/2

[Event "Indywidualne Mistrzostwa Polski do lat 20"]
[Site "Osrodek „SUDETY”, Pokrzywna 75"]
[Date "1899-12-30"]
[Round "1.17"]
[White "Wojdak, Jan"]
[Black "Karut, Kacper"]
[Result "1-0"]
[WhiteTitle "k"]
[BlackTitle "I"]
[WhiteElo "2178"]
[BlackElo "1826"]

1. e4 c5 2. Nf3 d6 3. Bb5+ Bd7 4. Bxd7+ Qxd7 5. O-O Nf6 6. Qe2 Nc6 7. c3 e6 8.
d4 cxd4 9. cxd4 d5 10. e5 Ne4 11. Nbd2 Nxd2 12. Bxd2 Be7 13. g3 h6 14. h4 O-O-O
15. Kg2 Rdg8 16. Rh1 g5 17. hxg5 hxg5 18. Be3 f5 19. exf6 Bxf6 20. Qd3 g4 21.
Nd2 e5 22. Nb3 exd4 23. Nxd4 Bxd4 24. Bxd4 Rh3 25. Rac1 Kb8 26. b4 Nxd4 27. Qxd4
Qf5 28. Rxh3 gxh3+ 29. Kh2 Rf8 30. Re1 Qxf2+ 31. Qxf2 Rxf2+ 32. Kxh3 Rxa2 33.
g4 Rb2 34. g5 Rxb4 35. g6 Rb6 36. Rg1 Kc7 37. g7 Rh6+ 38. Kg2 Rg6+ 39. Kf2 Rxg7
40. Rxg7+ Kc6 41. Ke3 a5 42. Kd4 a4 43. Kc3 Kc5 44. Rxb7 d4+ 45. Kd3 Kd5 1-0

[Event "Indywidualne Mistrzostwa Polski do lat 20"]
[Site "Osrodek „SUDETY”, Pokrzywna 75"]
[Date "1899-12-30"]
[Round "1.18"]
[White "Bartodziej, Bartosz"]
[Black "Leskiewicz, Ignacy"]
[Result "0-1"]
[WhiteTitle "I"]
[BlackTitle "k"]
[WhiteElo "1805"]
[BlackElo "2177"]

1. e4 c5 2. Nf3 d6 3. d4 cxd4 4. Nxd4 Nf6 5. Nc3 a6 6. a4 g6 7. Bc4 Bg7 8. O-O
O-O 9. Ba2 Nc6 10. h3 Nxd4 11. Qxd4 Qa5 12. Nd5 Nxd5 13. Qxd5 Qc7 14. Qd3 Bd7
15. c3 b5 16. Bd5 Rab8 17. Rd1 bxa4 18. Bg5 Rfe8 19. Rd2 Bb5 20. Qf3 e6 21. Ba2
a3 22. bxa3 Qxc3 23. Rad1 Ba4 24. Rf1 Rb2 25. Rd3 Qc5 26. Be3 Qb5 27. Rxd6 Rxa2
28. Rb6 Qxf1+ 0-1

[Event "Indywidualne Mistrzostwa Polski do lat 20"]
[Site "Osrodek „SUDETY”, Pokrzywna 75"]
[Date "1899-12-30"]
[Round "1.19"]
[White "Malek, Jan"]
[Black "Bujalski, Mateusz"]
[Result "1-0"]
[WhiteTitle "I++"]
[BlackTitle "I"]
[WhiteElo "2149"]
[BlackElo "1802"]

1. e4 e5 2. Nf3 Nc6 3. Bb5 a6 4. Ba4 Nf6 5. O-O Be7 6. d3 b5 7. Bb3 O-O 8. a4 Bb7
9. Bd2 d6 10. Na3 Na7 11. c4 bxa4 12. Bxa4 c5 13. b4 Qc7 14. Bc3 cxb4 15. Bxb4
Nc6 16. Bc3 Nd7 17. Nc2 Nc5 18. Ne3 Nd8 19. Bc2 Nde6 20. Re1 Nf4 21. Qd2 Qd7 22.
Nf5 Bf6 23. Qe3 g6 24. Ng3 Nce6 25. Ra5 Ng5 26. Nd2 Bd8 27. Ra3 f5 28. d4 Nfh3+
29. gxh3 f4 30. Qd3 Qxh3 31. c5 a5 32. Bb3+ d5 33. exd5 Ba6 34. d6+ Kg7 35. Nf5+
Rxf5 36. Qxh3 Nxh3+ 37. Kg2 Rg5+ 38. Kf3 Bd3 39. Bd5 Ra7 40. dxe5 h5 41. e6+ Kh6
42. e7 Rg4 43. exd8=Q Re7 44. Qf8+ 1-0

[Event "Indywidualne Mistrzostwa Polski do lat 20"]
[Site "Osrodek „SUDETY”, Pokrzywna 75"]
[Date "1899-12-30"]
[Round "1.20"]
[White "Kocierz, Pawel"]
[Black "Jarzebowski, Kacper"]
[Result "0-1"]
[WhiteTitle "I"]
[BlackTitle "k+"]
[WhiteElo "1774"]
[BlackElo "2148"]

1. Nf3 Nf6 2. d4 g6 3. g3 Bg7 4. Bg2 O-O 5. O-O d6 6. c4 c6 7. Nc3 Bf5 8. h3 Ne4
9. Nh4 Nxc3 10. bxc3 Be6 11. d5 cxd5 12. cxd5 Bd7 13. Rb1 Qc8 14. Qb3 Bxh3 15.
Qxb7 Bxg2 16. Qxa8 Bxf1 17. Kxf1 Qxc3 18. Qxa7 Qc4 19. Qb7 Nd7 20. Nf3 Qxa2 21.
Be3 Nf6 22. Rb5 Ne4 23. Nd4 Nc3 24. Rb3 Bxd4 25. Bxd4 Qxe2+ 26. Kg1 Qd1+ 0-1

[Event "Indywidualne Mistrzostwa Polski do lat 20"]
[Site "Osrodek „SUDETY”, Pokrzywna 75"]
[Date "1899-12-30"]
[Round "1.21"]
[White "Dalkowski, Rafal"]
[Black "Marciniak, Leonard"]
[Result "1-0"]
[WhiteTitle "k"]
[BlackTitle "I+"]
[WhiteElo "2126"]
[BlackElo "1738"]

1. d4 Nf6 2. c4 g6 3. Nc3 d5 4. Bf4 Bg7 5. e3 c6 6. Rc1 Be6 7. Nf3 O-O 8. Be2 h6
9. cxd5 Nxd5 10. Nxd5 Bxd5 11. O-O Nd7 12. Qc2 Bxf3 13. Bxf3 e5 14. dxe5 Nxe5
15. Be2 Qe7 16. Qe4 f5 17. Qa4 a6 18. e4 g5 19. Be3 Rfe8 20. exf5 Kh8 21. Rfd1
Rad8 22. Qe4 Qf7 23. Rxd8 Rxd8 24. h4 g4 25. Bxg4 Nxg4 26. Qxg4 Bxb2 27. Rc4 Qd5
28. Bxh6 Be5 29. Rc1 Qf7 30. Re1 Re8 31. g3 c5 32. Qe4 1-0

[Event "Indywidualne Mistrzostwa Polski do lat 20"]
[Site "Osrodek „SUDETY”, Pokrzywna 75"]
[Date "1899-12-30"]
[Round "1.22"]
[White "Lechowski, Witold"]
[Black "Krawczyk, Flawian"]
[Result "0-1"]
[WhiteTitle "II"]
[BlackTitle "I++"]
[WhiteElo "1701"]
[BlackElo "2114"]

1. d4 Nf6 2. c4 g6 3. Nc3 Bg7 4. e4 d6 5. f3 O-O 6. Be3 c5 7. dxc5 dxc5 8. Qxd8
Rxd8 9. Bxc5 Nc6 10. Rd1 Rxd1+ 11. Kxd1 b6 12. Be3 Ba6 13. Kc2 Rd8 14. a3 Nd4+
15. Bxd4 Rxd4 16. Nge2 Rd7 17. Ng3 Rd4 18. Nge2 Rd8 19. Ng3 Nd7 20. Nd5 e6 21.
Nb4 Bb7 22. Nd3 Rc8 23. b3 b5 24. Nb2 Nb6 25. Kb1 Bxb2 26. Kxb2 bxc4 27. Bxc4
Nxc4+ 28. bxc4 Rxc4 29. Rc1 Rd4 30. Ne2 Rd7 31. Nc3 Ba6 32. g3 Rd3 33. f4 Rf3
34. Rc2 h5 35. e5 Bd3 36. Rg2 Bf5 37. h4 a6 38. Na4 f6 39. exf6 Kf7 40. Nc5 Bh3
41. Rg1 Kxf6 42. Nxa6 Kf5 43. Nc5 Kg4 44. Nxe6 Rxg3 45. Rd1 Kxh4 46. Rd4 Rg4 47.
Ng5 Bg2 48. Kc1 Kg3 49. Ne6 h4 50. Rd3+ Kf2 51. Ng5 Rxg5 52. fxg5 h3 53. Rd8 h2
54. Rh8 h1=Q+ 55. Rxh1 Bxh1 56. Kd2 Kg3 57. Ke1 Kf4 58. Kf2 Kxg5 59. Kg3 Bc6 60.
a4 Bxa4 61. Kh2 Kg4 62. Kg2 g5 63. Kf2 Kh3 64. Kg1 g4 65. Kh1 g3 66. Kg1 g2 0-1

[Event "Indywidualne Mistrzostwa Polski do lat 20"]
[Site "Osrodek „SUDETY”, Pokrzywna 75"]
[Date "1899-12-30"]
[Round "1.23"]
[White "Janeczko, Jakub"]
[Black "Radzimski, Antoni"]
[Result "0-1"]
[WhiteTitle "I++"]
[BlackTitle "I"]
[WhiteElo "2091"]
[BlackElo "1613"]

1. Nf3 d5 2. b3 Bg4 3. e3 c5 4. Bb2 Nc6 5. Bb5 e6 6. h3 Bh5 7. g4 Bg6 8. Ne5 Rc8
9. h4 f6 10. h5 Be4 11. f3 fxe5 12. fxe4 d4 13. Qe2 Be7 14. O-O h6 15. exd4 cxd4
16. Ba3 Nf6 17. d3 O-O 18. Bc4 Qd7 19. Bxe7 Qxe7 20. Nd2 Nb4 21. Nf3 b5 22. a3
bxc4 23. axb4 cxd3 24. cxd3 Nxg4 25. Nxd4 Qxb4 26. Qxg4 Qxd4+ 27. Kh1 Qxd3 28.
Rg1 Rc7 29. Qxe6+ Kh8 30. Qxe5 Re7 31. Qg3 Qxe4+ 32. Rg2 Rf3 33. Qg6 Rh3+ 34.
Kg1 Qd4+ 35. Rf2 Qxa1+ 36. Rf1 Rh1+ 0-1

[Event "Indywidualne Mistrzostwa Polski do lat 20"]
[Site "Osrodek „SUDETY”, Pokrzywna 75"]
[Date "1899-12-30"]
[Round "1.24"]
[White "Stefaniuk, Zbigniew"]
[Black "Kazmierowski, Tymon"]
[Result "0-1"]
[WhiteTitle "II+"]
[BlackTitle "I++"]
[WhiteElo "1601"]
[BlackElo "2077"]

1. e4 c5 2. Nc3 d6 3. d4 cxd4 4. Qxd4 Nc6 5. Qd2 g6 6. b3 Bh6 7. f4 e5 8. Nb5 Bxf4
9. Qxd6 Qxd6 10. Nxd6+ Kf8 11. Ba3 Nge7 12. Bc4 Nd4 13. Bd3 Kg7 14. c3 Ne6 15.
Ne2 Nc6 16. O-O Be3+ 17. Kh1 f6 18. Bc4 Nf4 19. Nxf4 exf4 20. Nxc8 Raxc8 21. Rad1
Ne5 22. Bd6 Nxc4 23. bxc4 Rxc4 24. Bxf4 Bxf4 25. Rxf4 Rf8 26. Rd3 Rf7 27. g3 g5
28. Rf5 Rxe4 29. Rfd5 Re1+ 30. Kg2 Re2+ 31. Kh3 Rxa2 32. Rd7 Rb2 33. c4 Rxd7 34.
Rxd7+ Kg6 35. g4 h5 36. gxh5+ Kxh5 37. Rh7+ Kg6 38. Re7 f5 39. c5 g4+ 40. Kg3
Rb3+ 41. Kg2 Kg5 42. c6 bxc6 43. Rxa7 Rb2+ 44. Kg1 c5 45. Rc7 Rc2 46. Rc6 Kf4
47. Rc8 Kf3 0-1